000 00427 a2200145 4500
005 20250630082412.0
020 _a13: 0-07-332981-9
082 _a650.403 HAA
100 _aHAAG, S.
245 _aBusmis1060: Information Systems & Business Process Design,
260 _aNew York,
_bMcGraw-Hill Irwin,
_c2007.
300 _axxxii;637p: ill Figure, Picture, Table,
_c27cm.
700 _aCUMMINGS, M. PHILLIPS, A.
942 _2ddc
_cBKS
999 _c6463
_d6463